Fußball: Deutsche Vereine, die immer in der 1. oder 2.Bundesliga waren - Statistiken

Allgemein
  • Dieses Quiz wurde 967 mal gespielt
  • Das Durchschnittsergebnis liegt bei 8 aus 10
Antwortstatistiken
Verein % Korrekt
Bayern München
98%
Borussia Dortmund
98%
Hamburger SV
95%
Schalke 04
89%
Werder Bremen
87%
1.FC Köln
86%
Borussia Mönchengladbach
82%
VfB Stuttgart
80%
Eintracht Frankfurt
76%
VfL Bochum
50%
Keine übereinstimmenden Quizze gefunden
Verteilung der Resultate
Anzahl Personen mit jedem Resultat
Perzentil nach korrekt beantworteten Fragen
Ihre Resultats-Entwicklung
Sie haben dieses Quiz noch nicht gespielt